[Event "AUTO-OPEN-1528"]
[Site "http://www.queenalice.com/game.php?id=577793"]
[Date "2009.4.26"]
[Round "1"]
[White "dnptrs"]
[Black "felipe_loirasso"]
[Result "1-0"]
[WhiteElo "2129"]
[BlackElo "1334"]

1. d4 d5 2. Nf3 Bf5 3. e3 Nc6 4. Be2 Nb4 5. Na3 Qd6 6. c3 Nc6 7. O-O Nf6 8. Bb5
Bg4 9. h3 Bxf3 10. Qxf3 Ne4 11. c4 Nf6 12. Bd2 e6 13. c5 Qd7 14. Nc2 a6 15. Ba4
Ne4 16. Qe2 Be7 17. Nb4 O-O 18. Rfe1 Bh4 19. Rf1 Bxf2+ 20. Rxf2 Nxf2 21. Qxf2
Rfc8 22. Qf1 Re8 23. Be1 e5 24. Bg3 exd4 25. exd4 Re6 26. Be5 a5 27. Nxc6 bxc6
28. Re1 Ra7 29. Bg3 Rb7 30. b3 h6 31. Rxe6 Qxe6 32. Qe1 Rb4 33. Qxe6 fxe6 34.
Be5 Kf7 35. Bxc6 a4 36. Bxa4 Rb7 37. c6 Ra7 38. Bb5 g6 39. Bd3 g5 40. b4 Rxa2
41. b5 Rb2 42. Bxc7 1-0

[Event "AUTO-OPEN-1528"]
[Site "http://www.queenalice.com/game.php?id=577794"]
[Date "2009.4.26"]
[Round "1"]
[White "felipe_loirasso"]
[Black "dnptrs"]
[Result "0-1"]
[WhiteElo "1567"]
[BlackElo "2128"]

1. d4 Nf6 2. Bf4 e6 3. Nc3 d5 4. Nb5 Bb4+ 5. c3 Ba5 6. Qa4 Nc6 7. Na3 O-O 8. b4
Bb6 9. Nf3 Bd7 10. Qc2 a5 11. b5 Ne7 12. e3 Ng6 13. Bg5 h6 14. Bxf6 Qxf6 15. Bd3
Rfc8 16. Bxg6 fxg6 17. Ne5 Be8 18. O-O c5 19. bxc6 bxc6 20. c4 c5 21. Qd3 Rd8
22. Rab1 Ba7 23. cxd5 cxd4 24. exd4 Rxd5 25. Nf3 Rad8 26. Nb5 Bxb5 27. Rxb5 Bxd4
28. Nxd4 Rxd4 29. Qc3 a4 30. Rb4 e5 31. Re1 Qf7 32. Rxe5 Rd2 33. f3 Qa7+ 34. Kh1
Rd1+ 35. Re1 Qf2 36. Re4 Qf1+ 37. Rxf1 Rxf1# 0-1

[Event "AUTO-OPEN-1528"]
[Site "http://www.queenalice.com/game.php?id=577821"]
[Date "2009.4.26"]
[Round "1"]
[White "Gamingo"]
[Black "felipe_loirasso"]
[Result "1-0"]
[WhiteElo "1584"]
[BlackElo "1567"]

1. e4 d5 2. exd5 Qxd5 3. Nc3 Qe5+ 4. Be2 Qg5 5. Bf3 c6 6. d4 Qf5 7. Nge2 Na6 8.
a3 Qg6 9. O-O Nf6 10. Nf4 Qf5 11. Re1 e6 12. Re5 Qxe5 13. dxe5 Nd7 14. Qe2 Bc5
15. Be3 Be7 16. Ne4 O-O 17. Nd3 b6 18. Nd6 Bxd6 19. exd6 Nab8 20. Be4 Rd8 21.
Rd1 a5 22. Nf4 b5 23. Qh5 h6 24. Qf3 Bb7 25. Nh5 Rf8 26. Bxh6 g6 27. Nf6+ Kh8
28. Bxf8 Nxf8 29. Qh3+ Kg7 30. Ng4 Nbd7 31. Rd3 Nf6 32. Qh6+ Kg8 33. Nxf6# 1-0

[Event "AUTO-OPEN-1528"]
[Site "http://www.queenalice.com/game.php?id=577822"]
[Date "2009.4.26"]
[Round "1"]
[White "felipe_loirasso"]
[Black "Gamingo"]
[Result "0-1"]
[WhiteElo "1363"]
[BlackElo "1590"]

1. d4 d5 2. Bf4 c6 3. Bxb8 Rxb8 4. Nf3 Bg4 5. Nbd2 e6 6. h3 Bxf3 7. Nxf3 Nf6 8.
e3 Bb4+ 9. c3 Bd6 10. c4 Bb4+ 11. Nd2 Bxd2+ 12. Qxd2 O-O 13. c5 Ne4 14. Qc2 Re8
15. Bd3 Nf6 16. O-O h6 17. Qa4 a6 18. Rfc1 e5 19. dxe5 Rxe5 20. Qd4 Qe7 21. Qb4
Re8 22. a3 Ne4 23. b3 Rf5 24. Ra2 Re5 25. Qd4 f5 26. b4 Rf8 27. Re1 f4 28. exf4
Rxf4 29. f3 Rh4 30. fxe4 Qg5 31. Qe3 d4 32. Qxd4 Rxh3 33. Kf1 Rh1+ 34. Ke2 Qxg2+
35. Qf2 Qg4+ 36. Ke3 Rh3+ 37. Kd4 Rd5+ 0-1

[Event "AUTO-OPEN-1528"]
[Site "http://www.queenalice.com/game.php?id=577839"]
[Date "2009.4.26"]
[Round "1"]
[White "sa3ronaldo"]
[Black "felipe_loirasso"]
[Result "0-1"]
[WhiteElo "1072"]
[BlackElo "1263"]

1. b4 d5 2. Bb2 Bf5 3. g3 Nc6 4. a3 Nf6 5. Bg2 e6 6. Nf3 Bd6 7. d3 O-O 8. Nbd2
Ng4 9. O-O Nf6 10. c4 dxc4 11. Nxc4 Bg4 12. Qc2 Rc8 13. b5 Nb8 14. Nfe5 c6 15.
Nxd6 Qxd6 0-1

[Event "AUTO-OPEN-1529"]
[Site "http://www.queenalice.com/game.php?id=578435"]
[Date "2009.4.27"]
[Round "1"]
[White "felipe_loirasso"]
[Black "alesciulli"]
[Result "0-1"]
[WhiteElo "1334"]
[BlackElo "1826"]

1. d4 d5 2. Bf4 Nf6 3. Nc3 Bd7 4. e3 e6 5. Bb5 c6 6. Bd3 Bb4 7. Nf3 O-O 8. Ng5
h6 9. Nh3 Nh7 10. Be5 f6 11. Bf4 Qe7 12. Bg6 e5 13. Qd3 Ng5 14. Bxg5 fxg5 15.
Bh7+ Kh8 16. dxe5 Qxe5 17. Bg6 Bf5 18. Bxf5 Qxf5 19. Qxf5 Rxf5 20. Kd2 Nd7 21.
a3 Ba5 22. b4 Bc7 23. Raf1 Nb6 24. Kd3 Raf8 25. f3 g4 26. Ng1 gxf3 0-1

[Event "AUTO-OPEN-1529"]
[Site "http://www.queenalice.com/game.php?id=578436"]
[Date "2009.4.27"]
[Round "1"]
[White "alesciulli"]
[Black "felipe_loirasso"]
[Result "1-0"]
[WhiteElo "1826"]
[BlackElo "1334"]

1. e4 d5 2. exd5 Qxd5 3. d4 Nc6 4. Be3 e5 5. c4 Qd6 6. d5 Nce7 7. Nc3 c6 8. Qb3
Nf6 9. Rd1 cxd5 10. cxd5 b6 11. Bb5+ Bd7 12. Nf3 a6 13. Be2 b5 14. Bg5 Nfg8 15.
Ne4 Qb6 16. Bxe7 Bxe7 17. Nxe5 Bf5 18. Bf3 Bxe4 19. Bxe4 Rd8 20. O-O Nf6 21. Bf3
O-O 22. Nc6 Rd7 23. Nxe7+ Rxe7 24. Rfe1 Rxe1+ 25. Rxe1 Rd8 26. h3 h6 27. Qd3 Qa5
28. Rd1 1-0

[Event "AUTO-INT-1286"]
[Site "http://www.queenalice.com/game.php?id=578466"]
[Date "2009.4.27"]
[Round "1"]
[White "felipe_loirasso"]
[Black "nadigo"]
[Result "1-0"]
[WhiteElo "1500"]
[BlackElo "1234"]

1. d4 d5 2. Bf4 Nc6 3. Nc3 Nf6 4. Nb5 Rb8 5. Bxc7 Qd7 6. Bxb8 Nxb8 7. Nxa7 e6 8.
Nxc8 Qxc8 9. e3 Bd6 10. Bb5+ Nfd7 11. Qg4 O-O 12. Bd3 Nc6 13. Qh3 Nb4 14. Qxh7#
1-0

[Event "AUTO-INT-1286"]
[Site "http://www.queenalice.com/game.php?id=578467"]
[Date "2009.4.27"]
[Round "1"]
[White "nadigo"]
[Black "felipe_loirasso"]
[Result "1-0"]
[WhiteElo "1328"]
[BlackElo "1471"]

1. e4 d5 2. Nc3 dxe4 3. Nxe4 Qd7 4. Ng5 Qf5 5. d4 Nc6 6. N5f3 Nb4 7. Bd3 Nxd3+
8. cxd3 Qg6 9. Ne5 Qxg2 10. Qf3 Qxf3 11. Nexf3 Bf5 12. Ke2 Nf6 13. Be3 Ng4 14.
Kd2 g6 15. Ne2 Bg7 16. Rac1 c6 17. h3 Nxe3 18. fxe3 Rc8 19. h4 Bg4 20. Nfg1 O-O
21. Re1 e5 22. Kc1 Bxe2 23. Nxe2 exd4 24. Nxd4 Rcd8 25. Kd2 Bxd4 26. exd4 Rxd4
27. Re7 Rb8 28. Rf1 f5 29. h5 Rd6 30. hxg6 hxg6 31. Rh1 Kf8 32. Rc7 Rf6 33. Rh8#
1-0

[Event "AUTO-INT-1286"]
[Site "http://www.queenalice.com/game.php?id=578468"]
[Date "2009.4.27"]
[Round "1"]
[White "felipe_loirasso"]
[Black "YuGi"]
[Result "0-1"]
[WhiteElo "1314"]
[BlackElo "1270"]

1. d4 e6 2. Bf4 Bb4+ 3. c3 Bd6 4. Bxd6 cxd6 5. Nf3 Qf6 6. e4 Qf4 7. Bd3 Qg4 8.
O-O h5 9. h3 Qf4 10. Qd2 Qxd2 11. Nbxd2 b6 12. Nc4 d5 13. exd5 exd5 14. Nd6+ Kf8
15. Nxc8 Rh6 16. Bb5 g6 17. Nd6 Ke7 0-1

[Event "AUTO-INT-1286"]
[Site "http://www.queenalice.com/game.php?id=578469"]
[Date "2009.4.27"]
[Round "1"]
[White "YuGi"]
[Black "felipe_loirasso"]
[Result "1-0"]
[WhiteElo "1288"]
[BlackElo "1287"]

1. e3 d5 2. d4 Nc6 3. Bb5 Bd7 4. c3 a6 5. Bxc6 Bxc6 6. a3 e6 7. g3 Qf6 8. Qh5 g6
9. Qg4 Nh6 10. Qf3 Qxf3 11. Nxf3 Ng4 12. Nbd2 O-O-O 13. Ng5 1-0

[Event "AUTO-INT-1286"]
[Site "http://www.queenalice.com/game.php?id=578470"]
[Date "2009.4.27"]
[Round "1"]
[White "felipe_loirasso"]
[Black "epc"]
[Result "0-1"]
[WhiteElo "1334"]
[BlackElo "1624"]

1. d4 d5 2. Bf4 Nf6 3. Nc3 e6 4. Nb5 Na6 5. e3 Bb4+ 6. Nc3 Ne4 7. Qd3 O-O 8. Nh3
Re8 9. f3 Nxc3 10. bxc3 Bd6 11. Bxd6 Qxd6 12. Ng5 g6 0-1

[Event "AUTO-INT-1286"]
[Site "http://www.queenalice.com/game.php?id=578471"]
[Date "2009.4.27"]
[Round "1"]
[White "epc"]
[Black "felipe_loirasso"]
[Result "1-0"]
[WhiteElo "1613"]
[BlackElo "1323"]

1. e4 d5 2. Nc3 dxe4 3. Nxe4 Nc6 4. Bb5 Bd7 5. b3 a6 6. Bc4 b5 7. Bd3 Bf5 8. Qf3
Bxe4 9. Qxe4 Nf6 10. Qxc6+ Nd7 11. Bb2 1-0